Normal view MARC view
  • ebrary, Inc

Entry Corporate Name

Number of records used in: 1

001 - CONTROL NUMBER

  • control field: 86956

003 - CONTROL NUMBER IDENTIFIER

  • control field: NUST

005 - DATE AND TIME OF LATEST TRANSACTION

  • control field: 20211222150722.0

008 - FIXED-LENGTH DATA ELEMENTS

  • fixed length control field: 211222|| aca||aabn | a|a d

040 ## - CATALOGING SOURCE

  • Original cataloging agency: NUST
  • Transcribing agency: NUST

110 ## - HEADING--CORPORATE NAME

  • Corporate name or jurisdiction name as entry element: ebrary, Inc

670 ## - SOURCE DATA FOUND

  • Source citation: Work cat.: (NUST)33243: Acar, Cenk. 86951, MEMS vibratory gyroscopes :, 2008.
© 2023 Central Library, National University of Sciences and Technology. All Rights Reserved.